000 00526nam a22001697a 4500
003 OSt
005 20260116155527.0
008 260115b |||||||| |||| 00| 0 eng d
040 _cMRSPTU
041 _aENG
100 _aSuman Preet, Supervisor: Dr. Paramjeet Singh
245 _aNovel Authentication Model for Inter-Cloud Communication Security
260 _bDepartment of CSE, MRSPTU, Bathinda
_c2016
650 _aComputer Science
856 _uhttp://163.47.215.52:8080/jspui/handle/123456789/396
942 _2ddc
_cTH
_n0
999 _c10647
_d10647